1073 1877 1310 1006 1688 1104 1420 1556 1109 1664 1690 1557 1349 1142 1820 1968 1619 1097 1813 1407 1597 1383 1698 1350 1117 1259 1233 1145 1099 1762 1022 1812 1574 1570 1011 1887 1488 1626 1208 1993 1991 1133 1067 1806 1566 1084 1297 1229 1805 1258 1777 1425 1415 1450 1027 1950 1693 1240 1360 1927 1614 1514 1908 1784 1543 1529 1187 1584 1005 1226 1476 1050 1257 1930 1337 1544 1867 1864 1802 1487 1689 1664 1971 1478 1282 1008 1879 1927 1350 1755 1712 1639 1358 1353 1149 1505 1856 1713 1417 BCNSPRNW ULIB Ver.6.0+V

เปลี่ยนเป็นภาษาไทย

Change to English
 แสดงรายละเอียดบรรณานุกรม
  กลับหน้าหลัก

Brief Record : Get Marc (ISO 2709) : E-mail record : QR code < ปิดหน้าต่าง
LEADER : 00000nam 2200000uu 4500
001    13399108040
003     ULIB
008    110215s2551||||th 000 0 tha d
020    9749943481
050  4 H62^bส181อ 2551
110 1  มหาวิทยาลัยสุโขทัยธรรมาธิราช^bสถาบันวิจัยและพัฒนา
245 00 เอกสารการเรียนรู้การทำวิจัยด้วยตนเอง/^cกัญจนา ลินทรัตนศิริกุลและคณะ
250    พิมพ์ครั้งที่ 2
260    นนทบุรี:^bมหาวิทยาลัยสุโขทัยธรรมาธิราช,^c2551
300    595 หน้า
650  7 วิจัย
650  7 สังคมศาสตร์^xวิจัย
700 1  ภัทรฤดี สุพัฒโสภณ
945    ^p0^l0^i028803
945    ^p0^l0^i028801
945    ^p0^l0^i028802
995    ทศพร
999 ^a ใช้งานได้ทุกระบบ
รายการนี้ยังไม่มีแท็ก
คุณยังไม่ได้ล็อกอิน คุณสามารถมีกิจกรรมร่วมกับเว็บไซต์ได้ แต่ต้องล็อกอินก่อน ::
  ล็อกอิน

รายการสื่อสารสนเทศ

ลำดับที่ ประเภท เลขเรียก/บาร์โค้ด สถานที่ สถานะ
- ไม่พบข้อมูล -

รายการใกล้เคียง
    หัวเรื่อง [วิจัย]

BibComment


ยังไม่เคยถูกคอมเมนท์

คอมเมนท์ทรัพยากรรายการนี้
  คอมเมนท์: เอกสารการเรียนรู้..


 Copyright 2026. Bcnsprnw @Library